Statystyki dla Uczestnicy YFL CS 1.6 CUP

Kliknij tutaj aby rozwiązać quiz!

Ogólne statystyki

  • Ten quiz został rozwiązany 23 razy
    (18 od ostatniego zresetowania)
  • Średni wynik to 11 z 40

Statystyki odpowiedzi

Odpowiedź% Poprawnych
Meduska
92%
Young Multi
83%
Kasix
75%
Fusialka
67%
Remsua
67%
Pago
58%
Ewron
42%
Izak
42%
Nitro
42%
Sandra
42%
Szeli
42%
Diables
25%
Kosior
25%
Lukisteve
25%
Nayaax
25%
Paris Platynov
25%
Ponczek
25%
qtJanina
25%
Rafonix
25%
Xayoo
25%
Zony
25%
Dmg
17%
Haemhype
17%
Innocent
17%
Kuqe 2115
17%
Miszel
17%
Młodziutki
17%
Popo
17%
Przemek Pro
17%
Qry
17%
Slayproxx
17%
Smerf
17%
Thorek
17%
Vysotzky
17%
Miniuwa
8%
Pokój Wytrzeźwień
8%
xnTentacion
8%
Jaskol95
0%
Sadovsky
0%
Taku
0%

Rozkład punktacji

Percentyl według liczby udzielonych odpowiedzi

Procent ludzi z każdym wynikiem

Twoja historia wyników

Nie rozwiązałeś tego quizu od ostatniego zresetowania